Szczegóły MARC21

Berge, Meere und Giganten : Roman /

003 -Nazwa inst., której nr kontr. jest w polu 001 [,]
    • @
    • Nazwa instytucji, której n kontrolny jest w polu 001
    • NUKAT
005 -DATA I CZAS OSTATNIEJ MODYFIKACJI [,]
    • @
    • pole kontrolne
    • 20241231111823.0
020 -Międzynarod. znormalizowany nr książki - ISBN [ , ]
    • a
    • Numer ISBN
    • 3530166634 Find
040 -Instytucja sporządzająca opis [ , ]
    • a
    • Instytucja, która sporządziła opis (NP)
    • SZCZ U/AB
    • b
    • Język katalogowania
    • pol
    • e
    • Zasady katalogowania
    • rda
    • c
    • Instytucja, która sporządziła rekord (NP)
    • SZCZ U/ABs
044 -Kraj miejsca wydania [ , ]
    • a
    • Kraj miejsca wydania
    • Szwajcaria
    • a
    • Kraj miejsca wydania
    • Niemcy
942 -Rodzaj dokumentu [ , ]
    • c
    • Rodzaj dokumentu
    • Książka
100 -Hasło główne - nazwa osobowa [1, ]
    • a
    • Nazwa osobowa (NP)
    • Döblin, Alfred
    • d
    • Daty biograficzne (NP)
    • (1878-1957).
    • e
    • Rodzaj współpracy
    • Autor
    • 9
    • KHW
    • 508159
240 -Tytuł ujednolicony [1,0]
    • a
    • Tytuł ujednolicony
    • Berge, Meere und Giganten
    • l
    • Język tekstu
    • (niem.)
    • 9
    • KHW
    • 483742
245 -Strefa tytułu i oznaczenia odpowiedzialności [1,0]
    • a
    • Tytuł
    • Berge, Meere und Giganten : Find
    • b
    • Ciąg dalszy tytułu (NP)
    • Roman / Find
    • c
    • Pozostałe elementy strefy tytułu i oznaczenia odpowiedzialności (NP)
    • Alfred Döblin ; mit einem Nachwort von Volker Klotz.
260 -Strefa adresu wydawniczego [ , ]
    • a
    • Miejsce wydania (P)
    • Olten ;
    • a
    • Miejsce wydania (P)
    • Freiburg im Breisgau :
    • b
    • Nazwa wydawcy (P)
    • Walter-Verlag,
    • c
    • Data wydania (P)
    • 1978.
300 -Strefa opisu fizycznego [ , ]
    • a
    • Określenie formy książki i/lub objętość (NP)
    • 538, [1] strona ;
    • c
    • Format (NP)
    • 21 cm.
336 -Typ zawartości [ , ]
    • a
    • Termin opisujący typ zawartości
    • Tekst
    • b
    • Kod określający zawartość
    • txt
    • 2
    • Źródło (terminu i kodu)
    • rdacontent
337 -Typ mediów [ , ]
    • a
    • Tryb odtwarzania
    • Bez urządzenia pośredniczącego
    • b
    • Kod typu mediów
    • n
    • 2
    • Źródło (terminu i kodu)
    • rdamedia
338 -Typ/rodzaj nośnika [ , ]
    • a
    • Hasło opisujące typ nośnika
    • Wolumin
    • b
    • Kod typu nośnika
    • nc
    • 2
    • Źródło (terminu i kodu)
    • rdacarrier
500 -Uwaga ogólna [ , ]
    • a
    • Uwaga ogólna (NP)
    • Dieser Ausgabe liegt der Erstdruck von 1924 zugrunde, der im. S. Fischer Verlag Berlin erschien.
655 -Hasło w funkcji tematu formalnego [ ,7]
    • a
    • Hasło
    • Powieść niemiecka
    • y
    • Określnik chronologiczny
    • 1900-1945.
    • 2
    • Źródło terminu
    • kaba
    • 9
    • KHW
    • 358654
700 -Hasło dodatkowe - nazwa osobowa [1, ]
    • a
    • Nazwa osobowa (NP)
    • Klotz, Volker Find
    • d
    • Daty biograficzne (NP)
    • (1930- ).
    • e
    • Określenie rodzaju współpracy
    • Posłowie
    • 9
    • KHW
    • 483740
710 -Hasło dodatkowe - nazwa ciała zbiorowego [2, ]
    • a
    • Nazwa ciała zbiorowego lub nazwa geograficzna jako pierwszy element (NP)
    • Walter Verlag (1916-1992).
    • e
    • Rodzaj współpracy
    • Wydawca
    • 4
    • Kod relacji
    • pbl
    • 9
    • KHW
    • 402765
920 -ISBN [ , ]
    • a
    • ISBN
    • 3-530-16663-4 Find
Sygnatura Obwoluta Data inwentaryzacji Lokalizacja Status udost. Numer inwentarzowy
Germ. Literatura niemiecka12019-03-13BM-3BC.12356